000 01022cam a22001934a 4500
005 20250605164358.0
008 250528s ||||||||||||||||||||||||d
035 _a24452
040 _aGR-AtMCL
_bgre
_dGR-AtMCL
_eAACR2
245 1 _aThe Best is Yet to Come Υπόσχεται το Best Greek e-shop
260 _c2018
300 _a58
520 _aΠώς Νιώθουν Σήμερα οι Έλληνες για τις Μάρκες Αυτοκινήτων, Τιμώντας τη Νέα Εποχή του Ηλεκτρονικού Εμπορίου, Βελτιστοποιώντας τα Conversion Rates στο Buying Journey, Ήταν Πρόκληση να Σχεδιάσουμε Ένα Σύστημα - Εργαλείο για τους Ανθρώπους της Διαφήμισης, Σήμερα Μιλάμε για Εκθετικό Μετασχηματισμό.
700 1 _aΚορδελάς Δημήτρης
_99464
942 _cCR
710 2 _aThe Marketing Week
_99825
999 _c9333
_d9333